| 000 | 00583nam a2200193Ia 4500 | ||
|---|---|---|---|
| 005 | 20250923145400.0 | ||
| 008 | 008 250917s9999 xx 000 0 eng d | ||
| 037 | _aTextual | ||
| 040 |
_aDSWL _beng _cDSWL |
||
| 041 |
_aeng _2eng |
||
| 084 |
_aYX,zQ;6.f.251-N5, N59;3 _qDSWL |
||
| 245 | 0 |
_aBeggar problems in Metropolitan Delhi _c by D.S.S.W. |
|
| 260 |
_aNew Delhi _b D.S.S.W. University of Delhi _c1959 |
||
| 300 | _aii,320 p. | ||
| 365 |
_aINR _b10 . 0 |
||
| 925 | _g10 . 0 | ||
| 942 |
_cTEXL _hYX,zQ;6.f.251-N5, N59;3 |
||
| 999 |
_c1450697 _d1450697 |
||